TECHNECI MATH FOR METAL TRADES (Record no. 582557)
[ view plain ]
| 000 -LEADER | |
|---|---|
| fixed length control field | 00242nam a22001097a 4500 |
| 082 ## - DEWEY DECIMAL CLASSIFICATION NUMBER | |
| Classification number | 510 MNH'T |
| 100 ## - MAIN ENTRY--PERSONAL NAME | |
| Personal name | THAMES, H |
| 9 (RLIN) | 77257 |
| 245 ## - TITLE STATEMENT | |
| Title | TECHNECI MATH FOR METAL TRADES |
| 260 ## - PUBLICATION, DISTRIBUTION, ETC. | |
| Place of publication, distribution, etc. | LAHORE |
| Name of publisher, distributor, etc. | NATIONAL |
| Date of publication, distribution, etc. | 1977 |
| 300 ## - PHYSICAL DESCRIPTION | |
| Extent | 191P |
| 942 ## - ADDED ENTRY ELEMENTS (KOHA) | |
| Koha item type | Book |
| Withdrawn status | Lost status | Damaged status | Not for loan | Permanent Location | Current Location | Shelving location | Date acquired | Total Checkouts | Full call number | Barcode | Date last seen | Price effective from | Koha item type |
|---|---|---|---|---|---|---|---|---|---|---|---|---|---|
| College of Electrical & Mechanical Engineering (CEME) | College of Electrical & Mechanical Engineering (CEME) | General Stacks | 06/06/2017 | 510 MNH'T | CEME-9888 | 06/28/2021 | 06/28/2021 | Book |
